000 00367nam a2200145 i 4500
001 bg
100 1 _aOKTABA, Wiktor
245 0 _aElementy statystyki matematycznej i metodyka doświadczalnictwa /
_cWiktor Oktaba.
250 _aWyd.5.
260 _aWarszawa,
_c1980.
040 _cBPK
041 _apol
942 _cKS
008 s pl f |000 0 pol
999 _c19381
_d19381
856 _uhttp://koha.tu.koszalin.pl/cgi-bin/koha/opac-detail.pl?biblionumber=19381
_yKatalog online BPK